| 000 | 00939 a2200289 4500 | ||
|---|---|---|---|
| 003 | OSt | ||
| 005 | 20230323102847.0 | ||
| 008 | 220727s2018 sz a||||r|||| 00| 0 eng d | ||
| 020 | _a9783319759098 | ||
| 040 | _cCHAP | ||
| 082 | 0 | 0 |
_a575.54 _bR67 _222 |
| 245 | 0 | 0 |
_aRoot biology / _ceditado por Bhoopander Giri, Ram Prasad y Ajit Varma. |
| 264 | 1 |
_aCham, Switzerland : _bSprinter, _c2018. |
|
| 300 |
_axi, 519 páginas. _btablas, figuras. |
||
| 490 | 1 | _aSoil biology | |
| 504 | _aIncluye referencias. | ||
| 650 | 2 |
_994671 _aRaíces _xAnatomía |
|
| 650 | 2 |
_994672 _aRaíces _xCrecimiento |
|
| 650 | 2 |
_994675 _aRaíces _xFisiología y morfología |
|
| 650 | 2 |
_994673 _aRaíces _xEnfermedades |
|
| 650 | 2 |
_9144108 _aConservación de suelos |
|
| 700 | 1 |
_9186500 _aGiri, Bhoopander _eEditor. |
|
| 700 | 1 |
_9186501 _aPrasad, Ram _eEditor. |
|
| 700 | 1 |
_9186502 _aVarma, Ajit _eEditor. |
|
| 830 | 1 |
_9186503 _aSoil biology |
|
| 942 |
_2ddc _cLIBRO |
||
| 999 |
_c217371 _d217371 |
||